El aula como espacio de investigación (Registro nro. 30242)

Detalles MARC
000 -LEADER
fixed length control field 00323 a2200109 4500
001 - CONTROL NUMBER
control field ART_27809
005 - DATE AND TIME OF LATEST TRANSACTION
control field 20260410161949.0
008 - FIXED-LENGTH DATA ELEMENTS--GENERAL INFORMATION
fixed length control field 260409a
100 1# - MAIN ENTRY--PERSONAL NAME
Personal name Fernandez, María del Rosario
245 10 - TITLE STATEMENT
Title El aula como espacio de investigación
773 0# - HOST ITEM ENTRY
Title Invenio
Related parts - Año 2, Nº 3 (jun. 1999)
Record control number REV27781

No hay ítems disponibles.